| 000 | 00857nam a22002177a 4500 | ||
|---|---|---|---|
| 003 | 0 | ||
| 005 | 20250109125247.0 | ||
| 008 | 250109b xxu||||| |||| 00| 0 eng d | ||
| 082 |
_aHF 5381 _b.P34 2024 |
||
| 100 | _aPagkalinawan, Dina V. | ||
| 245 |
_aQuality of life and sexual satisfaction as correlates to the parenting self-efficacy of millennial working mothers _cDina V. Pagkalinawan |
||
| 260 |
_aLas Piñas City _bSouthville International School and Colleges _c2024 |
||
| 300 |
_axi, 425 pages ; _c28cm. |
||
| 504 | _aIncludes bibliographical references and index. | ||
| 650 | _aQuality of life—Psychological aspects. | ||
| 650 | _aSexual satisfaction—Psychological aspects. | ||
| 650 | _aParenting—Psychology. | ||
| 650 | _aWorking mothers—Psychology. | ||
| 650 | _aMothers—Employment—Psychological aspects. | ||
| 942 |
_2lcc _cTH |
||
| 999 |
_c366953 _d366953 |
||